[Event "Olomouc Chess Summer 2024 - D2"]
[Site "Olomouc (CZE), Hotel Flora"]
[Date "2024.08.13"]
[Round "5"]
[Board "11"]
[White "Chubar, Vladimir"]
[Black "Stancak, Andrej"]
[Result "1/2-1/2"]
[WhiteElo "1877"]
[BlackElo "1986"]
[PlyCount "0"]
[EventDate "2024.08.10"]
[EventRounds "9"]
[EventCountry "CZE"]

1. d4 Nf6 2. Nf3 e6 3. Bg5 h6 4. Bh4 c5 5. e3 cxd4 6. exd4 Be7 7. Nbd2 O-O 8. Bd3
b6 9. Qe2 Bb7 10. O-O-O Nc6 11. c3 Nd5 12. Bxe7 Qxe7 13. Qe4 f5 14. Qe1 Rac8 15.
Kb1 Nf4 16. Bf1 Na5 17. g3 Nh5 18. Rg1 d6 19. Bd3 Bd5 20. Qe2 Qf7 21. Rge1 Rfe8 22.
c4 Bb7 23. Rc1 Nc6 24. a3 Kh8 25. c5 bxc5 26. Nc4 Qc7 27. d5 exd5 28. Qxe8+ Rxe8
29. Rxe8+ Kh7 30. Ne3 Nf6 31. Bxf5+ g6 32. Re6 Kg7 33. Rxf6 gxf5 34. Rxd6 Ne7 35.
Nh4 Bc8 36. Rxd5 Nxd5 37. Nxd5 Qd6 38. Nf4 Qe5 39. Ka1 Qd4 40. Re1 Kf7 41. Nhg6 Qxf2
42. Re7+ Kf6 43. Re2 Qf1+ 44. Ka2 Bd7 45. Rd2 Be6+ 46. Nxe6 Kxe6 47. Nf4+ Kf7 48.
Rc2 Qb5  1/2-1/2

[Event "Olomouc Chess Summer 2024 - D2"]
[Site "Olomouc (CZE), Hotel Flora"]
[Date "2024.08.13"]
[Round "5"]
[Board "12"]
[White "Tryhuba, Jaroslav"]
[Black "Spanton, Tim R"]
[Result "0-1"]
[WhiteElo "1867"]
[BlackElo "1980"]
[PlyCount "0"]
[EventDate "2024.08.10"]
[EventRounds "9"]
[EventCountry "CZE"]

1. d4 d5 2. c4 e6 3. Nc3 Nf6 4. Bf4 c5 5. e3 a6 6. Nf3 Nc6 7. a3 dxc4 8. dxc5 Qxd1+
9. Rxd1 Bxc5 10. Bxc4 O-O 11. O-O b5 12. Ba2 Bb7 13. b4 Be7 14. Rd2 Rac8 15. Ne2
Rfd8 16. Rxd8+ Rxd8 17. h3 h6 18. Ned4 Nxd4 19. Nxd4 Nd5 20. Bh2 Rc8 21. Bb1 Bf6
22. Bd6 Bxd4 23. exd4 Rc3 24. f4 Ne3 25. Re1 Nxg2 26. Be4 Nxe1 27. Bxb7 Rxa3 28.
Kf2 Nc2 29. Bc5 Ra4 30. d5 exd5 31. Bxd5 Nxb4  0-1

[Event "Olomouc Chess Summer 2024 - D2"]
[Site "Olomouc (CZE), Hotel Flora"]
[Date "2024.08.13"]
[Round "5"]
[Board "13"]
[White "Kolek, Josef"]
[Black "Papay, Jindrich"]
[Result "1/2-1/2"]
[WhiteElo "1853"]
[BlackElo "1941"]
[PlyCount "0"]
[EventDate "2024.08.10"]
[EventRounds "9"]
[EventCountry "CZE"]

1. e4 e6 2. d4 d5 3. Nd2 Nf6 4. e5 Nfd7 5. c3 c5 6. Ndf3 f6 7. exf6 Nxf6 8. Bd3 Nc6
9. Ne2 Bd6 10. Bg5 O-O 11. O-O Qc7 12. Ng3 Bd7 13. Rc1 Rae8 14. Re1 c4 15. Bb1 Bf4
16. Bxf4 Qxf4 17. Qd2 Qxd2 18. Nxd2 b5 19. Nf3 Rb8 20. a3 a5 21. Bc2 h6 22. Ra1 Rb6
23. h3 Rfb8 24. Kh2 Nd8 25. Ne5 Be8 26. f3 Nf7 27. Nxf7 Bxf7 28. Ne2 Ne8 29. g4 Nc7
30. f4  1/2-1/2

[Event "Olomouc Chess Summer 2024 - D2"]
[Site "Olomouc (CZE), Hotel Flora"]
[Date "2024.08.13"]
[Round "5"]
[Board "14"]
[White "Bartos, Alois"]
[Black "Jenssen, Ove S"]
[Result "1-0"]
[WhiteElo "1931"]
[BlackElo "1857"]
[PlyCount "0"]
[EventDate "2024.08.10"]
[EventRounds "9"]
[EventCountry "CZE"]

1. e4 e6 2. d4 d5 3. Nc3 Bb4 4. e5 c5 5. a3 cxd4 6. axb4 dxc3 7. Qg4 cxb2 8. Bxb2
Qe7 9. b5 f5 10. Qd4 b6 11. Ba3 Qf7 12. Nf3 h6 13. Be2 Ne7 14. O-O O-O 15. c4 Bb7
16. c5 bxc5 17. Bxc5 a6 18. b6 Nbc6 19. Qb2 Rfe8 20. Ra3 a5 21. Bb5 Rec8 22. Rc1
g5 23. Bd6 g4 24. Ne1 f4 25. Nd3 Nd8 26. Rc7 Rxc7 27. bxc7 Ndc6 28. Rc3 Nd4 29. Ba4
Bc8 30. Rc1 f3 31. Qxd4 h5 32. Qf4 Nf5 33. Rb1 fxg2 34. Rb8 Qg6 35. Rxa8 Nxd6 36.
exd6 Qxd3 37. Rxc8+  1-0

[Event "Olomouc Chess Summer 2024 - D2"]
[Site "Olomouc (CZE), Hotel Flora"]
[Date "2024.08.13"]
[Round "5"]
[Board "15"]
[White "Kruska, Vladimir"]
[Black "Lexa, Vaclav"]
[Result "1-0"]
[WhiteElo "1893"]
[BlackElo "1844"]
[PlyCount "0"]
[EventDate "2024.08.10"]
[EventRounds "9"]
[EventCountry "CZE"]

1. c4 c5 2. Nc3 Nc6 3. g3 g6 4. Bg2 Bg7 5. d3 d6 6. e3 Nf6 7. Nge2 O-O 8. O-O Bd7
9. h3 Qc8 10. Kh2 a6 11. Nd5 Nxd5 12. cxd5 Nb8 13. Rb1 e6 14. e4 b5 15. Bf4 Qc7 16.
Qd2 Qb6 17. Be3 a5 18. d4 Na6 19. f4 exd5 20. dxc5 dxc5 21. exd5 Rad8 22. a3 Rfe8
23. Bf2 b4 24. Rfe1 Bb5 25. Rbc1 Qd6 26. Qc2 Rc8 27. Bf3 Re7 28. a4 Bd7 29. b3 Bf5
30. Qc4 Bd7 31. g4 f5 32. Ng3 fxg4 33. hxg4 Rf7 34. Be3 Bd4 35. Ne4 Qb8 36. d6 Bxe3
37. Rxe3 Kg7 38. Ng5 Rcf8 39. Nxf7 Rxf7 40. Bd5 Rf6 41. Re7+  1-0

[Event "Olomouc Chess Summer 2024 - D2"]
[Site "Olomouc (CZE), Hotel Flora"]
[Date "2024.08.13"]
[Round "5"]
[Board "17"]
[White "Zitek, Jiri"]
[Black "Fiser, Jiri"]
[Result "0-1"]
[WhiteElo "1773"]
[BlackElo "1883"]
[PlyCount "0"]
[EventDate "2024.08.10"]
[EventRounds "9"]
[EventCountry "CZE"]

1. e4 c5 2. Nf3 Nc6 3. Nc3 Nf6 4. d4 cxd4 5. Nxd4 e6 6. g3 d5 7. Bb5 Bd7 8. exd5
Nxd5 9. Nxd5 exd5 10. O-O Be7 11. Re1 O-O 12. Bf1 Bf6 13. Be3 Ne5 14. Be2 Nc4 15.
Bc1 Qb6 16. c3 Nxb2 17. Qc2 Nc4 18. Rb1 Qc7 19. Bd3 h6 20. Bf4 Qc8 21. Qb3 b6 22.
Qd1 Bg4 23. f3 Be6 24. Nb5 Qc5+ 25. Kh1 Rfc8 26. Nd4 Bxd4 27. cxd4 Qe7 28. Qe2 Qf6
29. Rb4 Qxd4 30. Rd1 Qc5 31. Ra4 Qc6 32. Rxc4 dxc4 33. Be4 Qc5 34. Bd6 Qb5 35. f4
Rd8 36. Rb1 Qd7 37. Rd1 Rac8 38. Bf3 Qxd6 39. Rxd6 Rxd6 40. Qc2 c3 41. Bb7 Rc5 42.
Be4 Rd4 43. Kg1 Rd2 44. Qa4 Kf8 45. Qxa7 c2  0-1

[Event "Olomouc Chess Summer 2024 - D2"]
[Site "Olomouc (CZE), Hotel Flora"]
[Date "2024.08.13"]
[Round "5"]
[Board "18"]
[White "Novak, Borivoj"]
[Black "Svub, Jan"]
[Result "0-1"]
[WhiteElo "1734"]
[BlackElo "1882"]
[PlyCount "0"]
[EventDate "2024.08.10"]
[EventRounds "9"]
[EventCountry "CZE"]

1. c4 e6 2. d4 d5 3. Nf3 Nf6 4. g3 Be7 5. Bg2 O-O 6. O-O c5 7. Nc3 Nc6 8. Bf4 a6
9. Rc1 dxc4 10. e3 cxd4 11. exd4 Nd5 12. Be3 b5 13. Ne4 Bb7 14. b3 cxb3 15. axb3
Rc8 16. h4 h6 17. Rxc6 Bxc6 18. Bxh6 gxh6 19. Ne5 Bf6 20. Qg4+ Bg7 21. Nc5 Nf6 22.
Nxe6 Nxg4 23. Nxd8 Bxg2 24. Kxg2 Bxe5 25. Nxf7 Rxf7 26. dxe5 Nxe5 27. Re1 Rxf2+ 28.
Kh3 Rh2+ 29. Kxh2 Nf3+ 30. Kh3 Nxe1 31. Kg4 a5 32. Kf5 Kg7 33. h5 a4 34. bxa4 bxa4
35. g4 a3 36. g5 Rc5+ 37. Kg4 Rxg5+ 38. Kh4 a2 39. Kh3 a1=Q 40. Kh4 Qb2 41. Kh3 Qg2+
 0-1

[Event "Olomouc Chess Summer 2024 - D2"]
[Site "Olomouc (CZE), Hotel Flora"]
[Date "2024.08.13"]
[Round "5"]
[Board "19"]
[White "Titera, Libor"]
[Black "Tarakanov, Oleg"]
[Result "0-1"]
[WhiteElo "1794"]
[BlackElo "2108"]
[PlyCount "0"]
[EventDate "2024.08.10"]
[EventRounds "9"]
[EventCountry "CZE"]

1. e4 e5 2. d4 exd4 3. c3 d3 4. Bxd3 Nc6 5. Nf3 d6 6. h3 Be7 7. Bf4 Nf6 8. Qc2 O-O
9. Nbd2 a6 10. O-O h6 11. Rad1 Nd7 12. Rfe1 Bf6 13. Nc4 b5 14. Nxd6 cxd6 15. Bxd6
Be7 16. Bg3 Qb6 17. e5 Nc5 18. Nd4 Ne6 19. Nxc6 Bg5 20. Nd4 Bb7 21. Be4 Bxe4 22.
Qxe4 Rad8 23. Nf5 Nc5 24. Qf3 g6 25. Nd4 b4 26. h4 bxc3 27. hxg5 cxb2 28. Nb3 hxg5
29. Qc3 Ne4 30. Qe3 Qxe3 31. fxe3 Rxd1 32. Rxd1 Nc3 33. Re1 b1=Q 34. Rxb1 Nxb1 35.
Kf2 Nc3 36. Nc5 a5 37. a4 Rc8 38. Nb7 Ne4+ 39. Kf3 Nxg3 40. Kxg3 Re8 41. Nxa5 Rxe5
 0-1

[Event "Olomouc Chess Summer 2024 - D2"]
[Site "Olomouc (CZE), Hotel Flora"]
[Date "2024.08.13"]
[Round "5"]
[Board "20"]
[White "Marek, Jiri"]
[Black "Kostal, Zdislav"]
[Result "1-0"]
[WhiteElo "1948"]
[BlackElo "1760"]
[PlyCount "0"]
[EventDate "2024.08.10"]
[EventRounds "9"]
[EventCountry "CZE"]

1. e4 e6 2. d4 d5 3. Nc3 c5 4. exd5 cxd4 5. Qxd4 a6 6. Be3 Nf6 7. dxe6 Bxe6 8. Qxd8+
Kxd8 9. O-O-O+ Nbd7 10. g3 Kc8 11. Bg2 Ng4 12. Bd4 Ngf6 13. Nge2 Bc5 14. h3 Kc7 15.
Rhe1 Rhe8 16. Nf4 Bxd4 17. Rxd4 Rad8 18. Nxe6+ fxe6 19. Rc4+ Kb8 20. Rb4 Nc5 21.
Na4 Nxa4 22. Rxa4 Rd6 23. Rd1 Red8 24. Rxd6 Rxd6 25. Rb4 Nd5 26. Rd4 Kc7 27. c3 b5
28. Kd2 a5 29. c4 bxc4 30. Rxc4+ Kb6 31. Rd4 Kc5 32. Rd3 Rb6 33. b3 Nb4 34. Rc3+
Kd4 35. a3 Nd5 36. Rc4+ Ke5 37. Kc2 h6 38. Bf1 g5 39. Rc5 Rb8 40. Be2 Rf8 41. f3
Kd4 42. Rc4+ Ke3 43. Re4+ Kf2 44. Rxe6 Kxg3 45. Rxh6 Nf4 46. Bd1 Rc8+ 47. Kd2 Kf2
48. h4 Rd8+ 49. Kc2 gxh4 50. Rxh4 Ng2 51. Rh2 Kg3 52. Rh1 Ne3+ 53. Kc1 Kg2 54. Re1
Rc8+ 55. Kb2 Nxd1+ 56. Rxd1 Kxf3 57. Rd5 Ra8 58. Re5 Kf4 59. Re1 Rd8 60. Kc3 Rc8+
61. Kd4 Rd8+ 62. Kc5 Rc8+ 63. Kb5 Rb8+ 64. Ka4 Ra8 65. Re6  1-0

[Event "Olomouc Chess Summer 2024 - D2"]
[Site "Olomouc (CZE), Hotel Flora"]
[Date "2024.08.13"]
[Round "5"]
[Board "21"]
[White "Hlousek, Milan"]
[Black "Voegerl, Ronald"]
[Result "0-1"]
[WhiteElo "1793"]
[BlackElo "1948"]
[PlyCount "0"]
[EventDate "2024.08.10"]
[EventRounds "9"]
[EventCountry "CZE"]

1. e4 c5 2. Nf3 d6 3. d4 cxd4 4. Nxd4 Nf6 5. Nc3 g6 6. f3 a6 7. Be3 b5 8. Qd2 h5
9. O-O-O Bb7 10. Kb1 Nbd7 11. Be2 Nc5 12. h4 Rc8 13. Bg5 Bg7 14. Qf4 e5 15. Qg3 exd4
16. Rxd4 Qc7 17. Rhd1 Ncxe4 18. fxe4 Nxe4 19. Nxe4 Qxc2+ 20. Ka1 Bxd4 21. Nxd6+ Kf8
22. Rb1 Bd5 23. Qf4 Bxa2 24. Qc1 Qa4 25. Qxc8+ Kg7  0-1

[Event "Olomouc Chess Summer 2024 - D2"]
[Site "Olomouc (CZE), Hotel Flora"]
[Date "2024.08.14"]
[Round "6"]
[Board "1"]
[White "Keprt, Pavel"]
[Black "Beil, Zdenek"]
[Result "1/2-1/2"]
[WhiteElo "1954"]
[BlackElo "2185"]
[PlyCount "0"]
[EventDate "2024.08.10"]
[EventRounds "9"]
[EventCountry "CZE"]

1. e4 c5 2. f4 d5 3. exd5 Nf6 4. Bb5+ Bd7 5. Bxd7+ Qxd7 6. Nf3 Nxd5 7. d3 Nc6 8.
O-O e6 9. Nc3 Nxc3 10. bxc3 Bd6 11. Qe2 O-O 12. Bd2 Rae8 13. Ne5 Qc8 14. Rae1 Qd8
15. Ra1  1/2-1/2

[Event "Olomouc Chess Summer 2024 - D2"]
[Site "Olomouc (CZE), Hotel Flora"]
[Date "2024.08.14"]
[Round "6"]
[Board "3"]
[White "Kamminga, Rob"]
[Black "Kubicek, Antonin"]
[Result "1/2-1/2"]
[WhiteElo "1998"]
[BlackElo "2084"]
[PlyCount "0"]
[EventDate "2024.08.10"]
[EventRounds "9"]
[EventCountry "CZE"]

1. e4 g6 2. d4 Bg7 3. Nf3 d6 4. Bc4 Nf6 5. Nc3 O-O 6. Qe2 c6 7. e5 Nd5 8. Bd2 Nxc3
9. Bxc3 d5 10. Bd3 Bg4 11. h3 Bxf3 12. Qxf3 f5 13. g4 fxg4 14. Qxg4 Qd7 15. Qg3 Bh6
16. Bd2 Bxd2+ 17. Kxd2 e6 18. Rag1 Qf7 19. Ke3 Nd7 20. h4 Kh8 21. f4 Rg8 22. Rh2
 1/2-1/2

[Event "Olomouc Chess Summer 2024 - D2"]
[Site "Olomouc (CZE), Hotel Flora"]
[Date "2024.08.14"]
[Round "6"]
[Board "4"]
[White "Urban, Zdenek"]
[Black "Mlynek, Petr"]
[Result "1-0"]
[WhiteElo "2167"]
[BlackElo "1979"]
[PlyCount "0"]
[EventDate "2024.08.10"]
[EventRounds "9"]
[EventCountry "CZE"]

1. e4 c6 2. Nf3 d5 3. d3 g6 4. e5 Bg7 5. d4 Bg4 6. h3 Bxf3 7. Qxf3 e6 8. c3 Qb6 9.
Qe2 Ne7 10. a4 a5 11. Na3 Na6 12. Bg5 h6 13. Bxe7 Kxe7 14. g4 Rhf8 15. O-O-O Qb3
16. Qc2 Qxc2+ 17. Kxc2 f6 18. exf6+ Rxf6 19. Rh2 Nc7 20. Bd3 Raf8 21. Rd2 g5 22.
Re2 Rf4 23. Nb1 Kd6 24. Nd2 e5 25. dxe5+ Bxe5 26. f3 Rxa4 27. Rh1 Bf4 28. Nb3 c5
29. Bf5 Re8 30. Rxe8 Nxe8 31. Re1 Nc7 32. Bc8 b5 33. Bb7 b4 34. c4 d4 35. Be4 Be3
36. Bf5 Na8 37. Bg6 Nc7 38. Bf7 Ra2 39. Kb1 Ra4 40. Re2 Bf4 41. Be8 Nxe8 42. Rxe8
Be3 43. Rd8+ Kc7 44. Re8 Kd6 45. Rd8+ Kc7 46. Rd5 d3 47. Rxd3 Bf2 48. Rd5 Kc6 49.
Rd8 Bd4 50. Rg8 Kd6 51. Rf8 Ke7 52. Rf5 Kd6 53. f4 gxf4 54. Rxf4 Ke5 55. Rf5+ Ke4
56. Rxc5 Kd3 57. Rd5 Kxc4 58. Rxd4+ Kxb3 59. Rf4  1-0

[Event "Olomouc Chess Summer 2024 - D2"]
[Site "Olomouc (CZE), Hotel Flora"]
[Date "2024.08.14"]
[Round "6"]
[Board "5"]
[White "Kisa, Lubomir"]
[Black "Bartos, Alois"]
[Result "1/2-1/2"]
[WhiteElo "2188"]
[BlackElo "1931"]
[PlyCount "0"]
[EventDate "2024.08.10"]
[EventRounds "9"]
[EventCountry "CZE"]

1. d4 Nf6 2. Nf3 d5 3. g3 g6 4. Bg2 Bg7 5. c4 c6 6. Nbd2 O-O 7. O-O h6 8. Re1 Be6
9. b3 Ne4 10. Bb2 c5 11. e3 Nc6 12. Nxe4 dxe4 13. Ne5 Nxe5 14. dxe5 Qxd1 15. Rexd1
Bf5 16. Rd5 Rac8 17. h3 h5 18. Rad1 b6 19. Kf1 Rb8 20. Ke2 Rfc8 21. Bc3 Kf8 22. f3
exf3+ 23. Bxf3 Bxh3 24. g4 hxg4 25. Be4 g3 26. Kf3 Be6 27. R5d2 Ke8  1/2-1/2

[Event "Olomouc Chess Summer 2024 - D2"]
[Site "Olomouc (CZE), Hotel Flora"]
[Date "2024.08.14"]
[Round "6"]
[Board "6"]
[White "Lorenc, Oldrich"]
[Black "Bjornes, Leif"]
[Result "1/2-1/2"]
[WhiteElo "2013"]
[BlackElo "1909"]
[PlyCount "0"]
[EventDate "2024.08.10"]
[EventRounds "9"]
[EventCountry "CZE"]

1. c4 c6 2. Nf3 d5 3. b3 Bf5 4. Bb2 Nd7 5. cxd5 cxd5 6. g3 e6 7. Bg2 Ngf6 8. O-O
Be7 9. d3 O-O 10. Na3 Rc8 11. Nc2 h6 12. Ne3 Bh7 13. Qd2 Qb6 14. Bd4 Bc5 15. Bxc5
Rxc5 16. b4 Rc7 17. a4 Rfc8 18. a5 Qd6 19. Nd4 a6 20. Bh3 Qe5 21. Nb3 Qc3 22. Qxc3
Rxc3 23. Rfc1 Rxc1+ 24. Rxc1 Rxc1+ 25. Nxc1 Kf8 26. Nb3 Ke7 27. Kf1 Ne8 28. Ke1  1/2-1/2

[Event "Olomouc Chess Summer 2024 - D2"]
[Site "Olomouc (CZE), Hotel Flora"]
[Date "2024.08.14"]
[Round "6"]
[Board "7"]
[White "Fiser, Jiri"]
[Black "Petras, Milan"]
[Result "0-1"]
[WhiteElo "1883"]
[BlackElo "1985"]
[PlyCount "0"]
[EventDate "2024.08.10"]
[EventRounds "9"]
[EventCountry "CZE"]

1. Nf3 f5 2. d4 Nf6 3. c4 g6 4. g3 Bg7 5. Bg2 O-O 6. O-O Ne4 7. Nc3 Nxc3 8. bxc3
d6 9. Qb3 Kh8 10. d5 Nd7 11. Be3 Qe8 12. Bd4 Ne5 13. Nd2 c5 14. dxc6 Nxc6 15. Bxg7+
Kxg7 16. f4 e5 17. e4 Qe7 18. Rae1 Be6 19. exf5 Rxf5 20. Bh3 Rf7 21. Bxe6 Qxe6 22.
Ne4 h6 23. c5 Qxb3 24. axb3 dxc5 25. Nxc5 Re7 26. f5 Rf8 27. Ne6+ Rxe6 28. fxe6 Rf5
29. g4 Rf6 30. Rd1 Rxe6 31. Rd7+ Re7 32. Rxe7+ Nxe7 33. Rd1 Nc6 34. Rd7+ Kf6 35.
Rxb7 Na5  0-1

[Event "Olomouc Chess Summer 2024 - D2"]
[Site "Olomouc (CZE), Hotel Flora"]
[Date "2024.08.14"]
[Round "6"]
[Board "8"]
[White "Spanton, Tim R"]
[Black "Musil, Vitezslav"]
[Result "1-0"]
[WhiteElo "1980"]
[BlackElo "1904"]
[PlyCount "0"]
[EventDate "2024.08.10"]
[EventRounds "9"]
[EventCountry "CZE"]

1. e4 e6 2. d4 d5 3. exd5 exd5 4. Nf3 Nf6 5. Bd3 Bg4 6. O-O Be7 7. Re1 O-O 8. h3
Bh5 9. Bf4 Nc6 10. c3 Bg6 11. Bxg6 hxg6 12. Nbd2 Bd6 13. Bg5 Qd7 14. Ne5 Qf5 15.
Ndf3 Ne4 16. g4 Qc8 17. Nxc6 bxc6 18. Bh4 Rb8 19. Rb1 f6 20. Nd2 f5 21. f3 Nf6 22.
Kg2 Re8 23. b4 fxg4 24. hxg4 Qa6 25. a4 Rxe1 26. Bxe1 Re8 27. b5 cxb5 28. axb5 Qa2
29. Kf1 Rf8 30. Kg1 Bf4 31. Qb3 Qxb3 32. Nxb3 Rb8 33. Nc5 Rb6 34. Nd3 Bd6 35. Ne5
a6 36. Nxg6 axb5 37. Ra1 Rb8 38. Ne5 Ne8 39. Ra5 Kh7 40. Bh4 b4 41. Nc6 bxc3 42.
Nxb8 c2  1-0

[Event "Olomouc Chess Summer 2024 - D2"]
[Site "Olomouc (CZE), Hotel Flora"]
[Date "2024.08.14"]
[Round "6"]
[Board "9"]
[White "Ortoft, Kai"]
[Black "Kruska, Vladimir"]
[Result "1-0"]
[WhiteElo "1968"]
[BlackElo "1893"]
[PlyCount "0"]
[EventDate "2024.08.10"]
[EventRounds "9"]
[EventCountry "CZE"]

1. d4 d5 2. Nf3 Nf6 3. c4 c6 4. Nbd2 e6 5. Qc2 Nbd7 6. e4 dxe4 7. Nxe4 Nxe4 8. Qxe4
Nf6 9. Qc2 Bb4+ 10. Bd2 Bxd2+ 11. Qxd2 Ne4 12. Qe3 Qa5+ 13. Nd2 Nxd2 14. Qxd2 Qxd2+
15. Kxd2 O-O 16. Bd3 b6 17. Be4 Bb7 18. f4 Rab8 19. c5 bxc5 20. dxc5 Ba6 21. Kc3
e5 22. fxe5 Rfe8 23. Rhe1 g6 24. Bf3 Rbd8 25. Rad1 Rxd1 26. Bxd1 Bc8 27. b4 Be6 28.
Bf3 Rc8 29. a3 Kf8 30. Rd1 Ke7 31. Rd6 Bd7 32. h4 Rc7 33. Kd4 a5 34. Kc3 axb4+ 35.
axb4 Rc8 36. Rxd7+ Kxd7 37. Bg4+ Kc7 38. Bxc8 Kxc8 39. Kc4 Kc7 40. b5 cxb5+ 41. Kxb5
Kb7 42. c6+ Kc7 43. Kc5 Kc8 44. Kd6 Kd8 45. c7+  1-0

[Event "Olomouc Chess Summer 2024 - D2"]
[Site "Olomouc (CZE), Hotel Flora"]
[Date "2024.08.14"]
[Round "6"]
[Board "10"]
[White "Svub, Jan"]
[Black "Dvorak, Vladimir"]
[Result "1/2-1/2"]
[WhiteElo "1882"]
[BlackElo "1931"]
[PlyCount "0"]
[EventDate "2024.08.10"]
[EventRounds "9"]
[EventCountry "CZE"]

1. d4 e6 2. c4 f5 3. g3 Nf6 4. Bg2 Be7 5. Nf3 O-O 6. O-O d6 7. b3 Nc6 8. Bb2 Ne4
9. Nbd2 Bf6 10. e3 Ne7 11. Qc2 d5 12. cxd5 exd5 13. Ne5 c6 14. f3 Nxd2 15. Qxd2 Be6
16. Rac1 g5 17. f4 Ng6 18. Ba3 Re8 19. Bh3 g4 20. Bg2 Be7 21. Bxe7 Qxe7 22. Rf2 Kg7
23. Bf1 h5 24. Bd3 Rf8 25. Qc2 Rf6 26. Re1 Rh8 27. Kg2 h4 28. Nxg4 fxg4 29. f5 hxg3
30. hxg3 Bxf5 31. Rxf5 Rxf5 32. Bxf5 Nh4+ 33. gxh4 Qxh4 34. Rg1 Qh3+ 35. Kf2 Qf3+
36. Ke1 Qxe3+ 37. Kf1 Qf3+ 38. Qf2 Qxf2+ 39. Kxf2 Rf8 40. Rxg4+ Kh6 41. Rg6+ Kh5
42. Rg7 Rxf5+ 43. Ke3 b5 44. Rxa7 Kg6 45. a4 bxa4 46. bxa4 Rf1 47. a5 Re1+ 48. Kd3
Ra1  1/2-1/2

[Event "Olomouc Chess Summer 2024 - D2"]
[Site "Olomouc (CZE), Hotel Flora"]
[Date "2024.08.14"]
[Round "6"]
[Board "11"]
[White "Tarakanov, Oleg"]
[Black "Brousek, Jiri"]
[Result "1/2-1/2"]
[WhiteElo "2108"]
[BlackElo "1822"]
[PlyCount "0"]
[EventDate "2024.08.10"]
[EventRounds "9"]
[EventCountry "CZE"]

1. e4 e6 2. d4 d5 3. exd5 exd5 4. Nf3 Bd6 5. Bd3 Ne7 6. O-O Bf5 7. Re1 Bxd3 8. Qxd3
O-O 9. Bg5 f6 10. Bd2 Qd7 11. h3 c6 12. Nc3 Na6 13. a3 Nc7 14. Re2 Rae8 15. Rae1
Ng6 16. Na4 b6 17. b4 Nf4 18. Bxf4 Bxf4 19. g3 Bd6 20. Kg2 Rxe2 21. Rxe2 Re8 22.
c4 Rxe2 23. Qxe2 Qe6 24. Qxe6+ Nxe6 25. c5 bxc5 26. bxc5 Bc7 27. Kf1 Kf7 28. Ke2
Ba5 29. Kd3 h5 30. Nb2 g5 31. Nd1 Kg6 32. h4 g4 33. Ng1 Bc7 34. Ne2 f5 35. Ke3 f4+
36. gxf4 Ng7 37. f3 Nf5+ 38. Kf2 gxf3 39. Kxf3 Nxh4+ 40. Kg3 Nf5+ 41. Kf3 Bd8 42.
Nf2 Bf6 43. Nd3 Nxd4+ 44. Nxd4 Bxd4 45. Nb4 Bxc5 46. Nxc6 Bxa3 47. Nxa7 Kf5 48. Nb5
Bc5 49. Nc3 d4 50. Ne4 Be7 51. Ng3+ Kg6 52. Ke4 Bf6 53. Ne2 h4 54. Nxd4 Bxd4  1/2-1/2

[Event "Olomouc Chess Summer 2024 - D2"]
[Site "Olomouc (CZE), Hotel Flora"]
[Date "2024.08.14"]
[Round "6"]
[Board "12"]
[White "Stancak, Andrej"]
[Black "Fiala, Jiri"]
[Result "1-0"]
[WhiteElo "1986"]
[BlackElo "1855"]
[PlyCount "0"]
[EventDate "2024.08.10"]
[EventRounds "9"]
[EventCountry "CZE"]

1. e4 c5 2. Nf3 e6 3. d4 cxd4 4. Nxd4 a6 5. Bd3 Qc7 6. Nc3 Nc6 7. Nxc6 bxc6 8. O-O
Nf6 9. Kh1 d5 10. Qe2 Be7 11. e5 Nd7 12. f4 g6 13. Na4 Nb6 14. Nxb6 Qxb6 15. c4 Bb7
16. Rb1 c5 17. cxd5 Bxd5 18. b3 Qb7 19. Be3 O-O 20. Rbc1 Rfc8 21. Bc4 Rd8 22. Qf2
Rac8 23. Rc3 Be4 24. Rfc1 Rd7 25. h3 Rcd8 26. Kh2 h5 27. Be2 Rc7 28. Bf1 Rcd7 29.
Be2 a5 30. Bc4 Kg7 31. Qe2 Qa8 32. a4 Bd5 33. Bb5 Rc7 34. Rd1 Bb7 35. Rxd8 Qxd8 36.
Rd3 Qa8 37. Rd2 Bd5 38. Qd1 Qb7 39. f5 Bf8 40. fxg6 fxg6 41. Bg5 Be7 42. Bf6+ Bxf6
43. exf6+ Kxf6 44. Qa1+ e5 45. Rf2+ Ke6 46. Re2 e4 47. Qh8 Re7 48. Qg8+ Rf7 49. Be8
Qc7+ 50. g3 Qe7 51. Qxf7+ Qxf7 52. Bxf7+ Kxf7 53. Re3 Ke6 54. Kg2 Ke5 55. Kf2 Kd4
56. Ke2 c4 57. bxc4 Bxc4+ 58. Kd2 Bd3 59. Re1 g5 60. h4 gxh4 61. gxh4 Bc4 62. Rg1
e3+ 63. Ke1 Bb3 64. Rg5 Bxa4 65. Rxh5  1-0

[Event "Olomouc Chess Summer 2024 - D2"]
[Site "Olomouc (CZE), Hotel Flora"]
[Date "2024.08.14"]
[Round "6"]
[Board "13"]
[White "Postolati, Alexander"]
[Black "Green, Per"]
[Result "0-1"]
[WhiteElo "1855"]
[BlackElo "1960"]
[PlyCount "0"]
[EventDate "2024.08.10"]
[EventRounds "9"]
[EventCountry "CZE"]

1. d4 Nf6 2. c4 e6 3. Nf3 d5 4. Nc3 c5 5. e3 a6 6. dxc5 Bxc5 7. a3 O-O 8. b4 Be7
9. Bb2 a5 10. b5 b6 11. cxd5 exd5 12. Qb3 Bb7 13. Rd1 Nbd7 14. Be2 Nc5 15. Qa2 Qc7
16. O-O Rad8 17. Nd4 g6 18. Bf3 Nfe4 19. Rc1 Bd6 20. g3 Be5 21. Nce2 Qd6 22. Rfd1
Qf6 23. Ba1 Rc8 24. Nf4 Rfd8 25. Kg2 Qe7 26. h4 Rc7 27. Nc6 Bxc6 28. bxc6 Bxa1 29.
Nxd5 Rxd5 30. Qxd5 Bf6 31. Rd4 Bxd4 32. exd4 Nf6 33. Qa2 Nd3 34. Rb1 Ne1+ 35. Rxe1
Qxe1 36. Qb2 Ne4 37. d5 b5 38. Qd4 Nd6 39. Qb6 Qe7 40. Qxa5 Ra7 41. Qb6 Qc7 42. Qc5
Ra4 43. Be2 Ra5 44. Qb4 h6 45. Qc3 Kh7 46. h5 b4 47. hxg6+ fxg6 48. axb4 Rxd5 49.
Qb3 Rd2 50. Bf3 Qb6 51. Qc3 Qxf2+ 52. Kh3 Qh2+ 53. Kg4 Qh5+ 54. Kf4 Qg5#  0-1

[Event "Olomouc Chess Summer 2024 - D2"]
[Site "Olomouc (CZE), Hotel Flora"]
[Date "2024.08.14"]
[Round "6"]
[Board "14"]
[White "Weiss, Petr"]
[Black "Marek, Jiri"]
[Result "0-1"]
[WhiteElo "1634"]
[BlackElo "1948"]
[PlyCount "0"]
[EventDate "2024.08.10"]
[EventRounds "9"]
[EventCountry "CZE"]

1. e4 c6 2. f4 e5 3. d4 exd4 4. Qxd4 d5 5. Bd3 dxe4 6. Qxd8+ Kxd8 7. Bxe4 Nf6 8.
Nc3 Bb4 9. Bd3 Re8+ 10. Kf1 Nbd7 11. a3 Bc5 12. Na4 Bd6 13. Nh3 h6 14. Bd2 Nc5 15.
Nxc5 Bxc5 16. Nf2 Be6 17. c4 Kc7 18. f5 Bd7 19. Bc3 Rad8 20. Bxf6 gxf6 21. Re1 Bd4
22. Ng4 h5 23. Nh6 Rxe1+ 24. Kxe1 Rh8 25. Nxf7 Rh7 26. Rf1 Rxf7 27. Rf4 Bxb2 28.
Rh4 Rg7 29. Rxh5 Rxg2 30. Rh6 Be5 31. h3 Ra2 32. h4 Rxa3 33. Bc2 Rc3  0-1

[Event "Olomouc Chess Summer 2024 - D2"]
[Site "Olomouc (CZE), Hotel Flora"]
[Date "2024.08.14"]
[Round "6"]
[Board "15"]
[White "Voegerl, Ronald"]
[Black "Chubar, Vladimir"]
[Result "0-1"]
[WhiteElo "1948"]
[BlackElo "1877"]
[PlyCount "0"]
[EventDate "2024.08.10"]
[EventRounds "9"]
[EventCountry "CZE"]

1. d4 e6 2. c4 f5 3. g3 Nf6 4. Bg2 c6 5. Nh3 Be7 6. O-O O-O 7. Nf4 d6 8. Nd2 e5 9.
dxe5 dxe5 10. Nh3 Kh8 11. Nb3 Qc7 12. Qc2 a5 13. Bg5 h6 14. Bxf6 Bxf6 15. f4 e4 16.
e3 Na6 17. Nf2 Rd8 18. Rad1 Nb4 19. Rxd8+ Qxd8 20. Qb1 Qb6 21. Re1 Be6 22. Bf1 a4
23. c5 Qa7 24. Nd4 Bxa2 25. Qc1 g6 26. Qc3 Qa5 27. Ra1 Bf7 28. b3 a3 29. Bc4 Nd5
30. Qc1 Qxc5 31. b4 Qxb4 32. Rb1 Qc3 33. Ba2 Qxc1+ 34. Rxc1 Kg7 35. Nd1 Bxd4 36.
exd4 Nb4 37. Bxf7 Kxf7 38. Nc3 a2 39. Ra1 Ra3  0-1